| 000 | 00488pab a2200169 454500 | ||
|---|---|---|---|
| 008 | 180718b2006 xxu||||| |||| 00| 0 eng d | ||
| 100 | _aSutterfield, J. Scott | ||
| 245 | _aA case study of project and stakeholder management failures: lessons learned | ||
| 260 | _c2006 | ||
| 300 | _ap.26-35. | ||
| 362 | _aDec | ||
| 650 | _aProject Management | ||
| 700 | _aShivers-Blackwell, Sheryl L. | ||
| 700 | _aFriday-Stroud, Shawnta | ||
| 773 | _aProject Management Journal | ||
| 909 | _a73078 | ||
| 999 |
_c73078 _d73078 |
||